00343nam a2200133Ia 4500003000400000008004100004040001600045082001300061100001500074245006400089260003200153300000800185650001600193GCL140319s9999 xx 000 0 eng d aGCL / cGCL04a956bY M1 aYAPP, M.E.10aTHE MAKING OF THE MODERN NEAR EAST 1792-1923 / cYAPP, M.E. a[S.N] : bLONGMAN ، c1991 a40404aMIDDLE EAST